Face to face with destiny (Record no. 68723)

MARC details
000 -LEADER
fixed length control field 00711nam a22002057a 4500
005 - DATE AND TIME OF LATEST TRANSACTION
control field 20120726124151.0
010 ## - LCCN (DPL NO)
LC control number G-002068
020 ## - INTERNATIONAL STANDARD BOOK NUMBER
International Standard Book Number PA0820080
Terms of availability 195.00
035 ## - SYSTEM CONTROL NUMBER
System control number G-002068
037 ## - SOURCE OF ACQUISITION
Stock number dpl
Source of stock number/acquisition Gift
082 ## - DEWEY DECIMAL CLASSIFICATION NUMBER
Classification number 921
100 ## - MAIN ENTRY--PERSONAL NAME
Personal name Sudan, K.K.
245 ## - TITLE STATEMENT
Title Face to face with destiny
Statement of responsibility, etc by K.K. Sudan
260 ## - PUBLICATION, DISTRIBUTION, ETC. (IMPRINT)
Place of publication, distribution, etc Delhi
Name of publisher, distributor, etc P & A Enterprises
Date of publication, distribution, etc 2008
270 ## - ADDRESS
Address 1580/G-1, Raj block, Naveen Shadara
City Delhi
Postal code 110032
300 ## - PHYSICAL DESCRIPTION
Extent 228 p.
Dimensions 22 cm.
942 ## - ADDED ENTRY ELEMENTS (KOHA)
Source of classification or shelving scheme Dewey Decimal Classification
Item type English Books
Call number suffix SUD
Classification part 921
Holdings
Withdrawn status Lost status Not for loan Collection code Home library Current library Date acquired Source of acquisition Cost, normal purchase price Full call number Barcode Copy number Cost, replacement price Koha item type
      Non-fiction Vinoba Puri Vinoba Puri 26/07/2012 Gift 195.00 921SUD G-002068 1 195.00 English Books

© Delhi Public Library
Hit Counter
free hit counter